000 00304nam a22001337a 4500
008 170621b xxu||||| |||| 00| 0 eng d
020 _a9780822314899
041 _aeng
080 _a32
100 _a20
101 _aSHP
245 _aTHE POLITICS OF HEALTH CARE REFORM
_cMORONE, J.A
942 _2udc
_cBK
999 _c18500
_d18500